Music Quiz

Random Music or Song Quiz

30 Girl Name Song Titles Quiz Stats

Quiz not verified by Sporcle

Challenge
Share
Tweet
Embed
Score 0/30 Timer 05:00
0 Plays Today
Hint Answer % Correct
Eric ClaptonLayla
78.2%
The Rolling StonesAngie
74.5%
Barry ManilowMandy
72.7%
Michael JacksonBillie Jean
63.6%
The BeatlesEleanor Rigby
61.8%
The PoliceRoxanne
56.4%
Dolly PartonJolene
52.7%
The Goo Goo DollsIris
49.1%
Plain White T'sHey there Delilah
45.5%
Suzanne VegaLuka
36.4%
NirvanaPolly
29.1%
MarillionKayleigh
27.3%
Ritchie ValensDonna
25.5%
Scissor SistersLaura
20%
Amy WinehouseValerie
20%
Hint Answer % Correct
BlondieMaria
20%
Wet Wet WetJulia says
14.5%
StarsailorSara
10.9%
The BeatlesLucy in the sky with diamonds
10.9%
EuropeCarrie
10.9%
Joshua KadisonJessie
9.1%
Kate NashMariella
5.5%
Chris ReaJosephine
5.5%
The DoorsMaggie McGill
5.5%
Espen LindWhen Susannah Cries
3.6%
Franz FerdinandJacqueline
3.6%
Richard Marx Angelina
3.6%
David BowieBlue Jean
3.6%
Robbie WilliamsGrace
1.8%
Adam GreenEmily
1.8%

You're not logged in!

Compare scores with friends on all Sporcle quizzes.
Join for Free
OR
Log In

You Might Also Like...

Show Comments

Extras

Created Jun 23, 2014ReportNominate
Tags:Song Quiz, girl

Top Quizzes Today


Score Distribution

Your Account Isn't Verified!

In order to create a playlist on Sporcle, you need to verify the email address you used during registration. Go to your Sporcle Settings to finish the process.

Report this User

Report this user for behavior that violates our Community Guidelines.

Details: